طرق النقل / (Record no. 115749)

MARC details
000 -LEADER
fixed length control field 00560nam a22002057a 4500
005 - DATE AND TIME OF LATEST TRANSACTION
control field 20251108174709.0
008 - FIXED-LENGTH DATA ELEMENTS--GENERAL INFORMATION
fixed length control field 250721s2003 xx 000 0 ara d
020 ## - INTERNATIONAL STANDARD BOOK NUMBER
International Standard Book Number 2721411128
082 14 - DEWEY DECIMAL CLASSIFICATION NUMBER
Classification number ط/372.24/طرق
245 10 - TITLE STATEMENT
Title طرق النقل /
250 ## - EDITION STATEMENT
Edition statement ط.2.
264 1# - PRODUCTION, PUBLICATION, DISTRIBUTION, MANUFACTURE, AND COPYRIGHT NOTICE
Place of production, publication, distribution, manufacture بيروت :
Name of producer, publisher, distributor, manufacturer دار المشرق،
Date of production, publication, distribution, manufacture, or copyright notice 2003.
300 ## - PHYSICAL DESCRIPTION
Extent 26 ص.
490 0# - SERIES STATEMENT
Series statement مجموعة نبيل و زينة
650 17 - SUBJECT ADDED ENTRY--TOPICAL TERM
Topical term or geographic name as entry element التعلم
650 17 - SUBJECT ADDED ENTRY--TOPICAL TERM
Topical term or geographic name as entry element النقل
653 ## - INDEX TERM--UNCONTROLLED
Uncontrolled term اطفال مرحله متوسطه (6-9)سنوات
942 ## - ADDED ENTRY ELEMENTS (KOHA)
Source of classification or shelving scheme Dewey Decimal Classification
Koha item type Books
Holdings
حالة السحب حالة الفقدان مصدر التصنيف حالة التلف غير قابل للإعارة المكتبة الرئيسية المكتبة الحالية موقع الرف تاريخ التزويد الرقم المتسلسل Total Checkouts رقم الإستدعاء تاريخ آخر ظهور تاريخ الفاتورة نوع المادة (كوها) الباركود
    Dewey Decimal Classification     المكتبة المركزية المكتبة المركزية مقتنيات قسم التزويد 28/07/2025 1278218   ط/372.24/طرق 28/07/2025 28/07/2025 Books  
    Dewey Decimal Classification     مكتبة الأميرة ايمان العامة مكتبة الأميرة ايمان العامة الأطفال 14/05/2009 1278223   ط/372.24/طرق 28/07/2025 14/05/2009 Books PLD00090429
    Dewey Decimal Classification     مكتبة صويلح العامة مكتبة صويلح العامة الأطفال 14/05/2009 1278224   ط/372.24/طرق 28/07/2025 14/05/2009 Books PLD00090430
    Dewey Decimal Classification     مكتبة ومركز فرح مكتبة ومركز فرح الأطفال 14/05/2009 1278219   ط/372.24/طرق 28/07/2025 14/05/2009 Books PLD00090425
Implemented & Customized by: BBB with SCIT (Smart Chains for Information Technology)

Powered by Koha